000 00890cam a22003014a 4500
001 12659874
003 OSt
005 20170420190204.0
008 020125s2002 stka b 001 0 eng
010 _a 2002001338
020 _a9780702028250
035 _a(DNLM)101136564
040 _aDNLM/DLC
_cDLC
_dDLC
042 _apcc
050 0 0 _aRT65
_b.W38 2002
060 1 0 _aWY 150
_bW3422 2002
082 _aWY 100
_bW331m 2007
100 _aEdited by Walsh, Mike; Crumbie, Alison
_912111
245 0 0 _aWatson's Clinical Nursing and Related Sciences
250 _a7th ed.
260 _aEdinburgh ;
_bBailliere Tindall,
_c2007.
300 _axix, 1038 p. :
_bcol.ill ;
_c28 cm.
504 _aIncludes bibliographical references and index.
650 0 _aNursing.
_9135
650 1 2 _aNursing science
_96212
906 _a7
_bcbc
_corignew
_d1
_eecip
_f20
_gy-gencatlg
942 _2z
_cO_SHELF
999 _c5629
_d5629